Guess the Taylor Swift Song (no hints) 10 - Statistics

General Stats
  • This quiz has been taken 255 times
  • The average score is 308 of 401
Answer Stats
Answer % Correct
I
99%
a
98%
the
97%
an
96%
you
95%
And
93%
and
93%
It
93%
it
93%
me?
93%
me
93%
we
93%
is
91%
in
89%
This
88%
this
88%
to
88%
he
87%
He
87%
I'm
87%
my
87%
on
87%
was
87%
do
86%
why
86%
can't
85%
have
85%
They
85%
they
85%
that
84%
thing
84%
so
83%
So
83%
when
83%
hear
82%
nice
82%
(nice
82%
things,
82%
things
82%
things)
82%
no
81%
all
80%
for
80%
there
80%
There
80%
what
80%
don't
79%
she
78%
had
76%
Had
76%
said
76%
said,
76%
are
75%
them,
75%
them
75%
If
74%
say
74%
not
73%
Did
72%
about
71%
'Cause
71%
But
70%
think
69%
friend
68%
here
68%
with
68%
(baby),
67%
baby
67%
Because
67%
because
67%
(oh)
67%
(Oh)
67%
up
67%
take
66%
you've
66%
away
64%
friends
64%
from
64%
break
63%
wouldn't
63%
darling
61%
even
61%
call
60%
real
60%
again
59%
lately
59%
back
58%
being
58%
care
58%
big
57%
drama
57%
face!
57%
Here's
57%
here's
57%
listen
57%
mama
57%
only
57%
forgiveness
56%
hand
56%
Get
55%
into
55%
mind
55%
parties
55%
didn't
54%
honey
54%
straight
54%
head,
53%
pool
53%
shaking
53%
show
53%
weren't
53%
ain't
52%
champagne
52%
lost
52%
rules
52%
toast
52%
while
52%
balcony
51%
chance
51%
giving
51%
Jump
51%
parade?
51%
rain
51%
second
51%
throwing
51%
try
51%
Everyone
50%
reading
50%
stabbed
50%
phone
49%
sea
49%
shady
49%
why'd
49%
swimming
48%
Feeling
47%
twist
47%
whole
47%
year
47%
chandelier
45%
gates
45%
Gatsby
45%
Hahaha,
45%
locking
45%
took
45%
issue,
44%
trick
44%
lies
43%
axe
41%
beat
40%
rattling
38%
therein
34%
mended
33%
fence
32%
Bass
30%
No matching quizzes found
Score Distribution
Percent of People with Each Score
Percentile by Number Answered
Your Score History
You have not taken this quiz